| 000 | 01303nam a22002897a 4500 | ||
|---|---|---|---|
| 003 | 0 | ||
| 005 | 20251108112346.0 | ||
| 008 | 251108b xxu||||| |||| 00| 0 eng d | ||
| 020 | _a978-0-241-47560-7 | ||
| 050 |
_aPE 1128.T39 _b.S54 2021 |
||
| 100 |
_aTaylor, Mary, _eadapter. |
||
| 245 |
_aSleeping Beauty / _ctext adapted by Mary Taylor ; activities written by Catrin Morris ; illustrated by Richard Johnson ; song lyrics by Wardour Studios. |
||
| 246 | _aLadybird Readers Level 4 Sleeping Beauty | ||
| 250 | _aLevel 4. | ||
| 260 |
_aLondon : _bPenguin Random House UK, _c2021. |
||
| 300 |
_a64 pages : _bcolor illustrations ; _c23 cm. |
||
| 490 |
_aLadybird Readers ; _vLevel 4 |
||
| 500 | _aAdapted from the traditional folk tale of "Sleeping Beauty." Includes vocabulary practice, activities, and song lyrics. | ||
| 520 | _aA simplified retelling of the classic fairy tale about a princess cursed to sleep for a hundred years, and the prince who awakens her. | ||
| 650 |
_aReaders (Elementary) _vTexts. |
||
| 650 |
_aEnglish language _xStudy and teaching _vReaders. |
||
| 650 |
_aFairy tales _vAdaptations _vJuvenile literature. |
||
| 700 |
_aMorris, Catrin, _eactivity writer. |
||
| 700 |
_aJohnson, Richard, _eillustrator. |
||
| 700 |
_aWardour Studios, _elyricist. |
||
| 942 |
_2lcc _cBK |
||
| 999 |
_c368549 _d368549 |
||